000 00936nam a22002897a 4500
001 BR2010005091
003 BR-BrBNA
005 20230928103416.0
007 ta
008 230509b bl.||||| |||| 00| 0 por d
040 _aBR-BrBNA
_bpor
_cBiblioteca Nacional de Agricultura
041 _a(Por)
072 _aE14; S30
090 _ E14 BR2010005091
110 1 _aAção Brasileira pela Nutrição e Direitos Humanos, Brasília, DF (Brasil)
_91035
245 1 _aDiretrizes voluntárias em apoio à realização progressiva do direito à alimentação adequada no contexto da segurança alimentar nacional
260 3 _aBrasília, DF (Brasil):
_c2004.
300 _a34 p.
650 _aALIMENTO
650 _aSEGURANÇA ALIMENTAR
650 _aNUTRIÇÃO HUMANA
650 _aEDUCAÇÃO
650 _aDESENVOLVIMENTO ECONÔMICO
650 _aPOLÍTICAS PÚBLICAS
909 _a202309
_bLucia
_c55
_dLucia Elande
942 _cBK
999 _c74984
_d74984